Komunikasi : (Record no. 2256)

000 -LEADER
fixed length control field aam a22 a 4500
003 - CONTROL NUMBER IDENTIFIER
control field AKMAL
005 - DATE AND TIME OF LATEST TRANSACTION
control field 20170515163521.0
008 - FIXED-LENGTH DATA ELEMENTS--GENERAL INFORMATION
fixed length control field 170515s19879999my z a00 may d
040 ## - CATALOGING SOURCE
Original cataloging agency AKMAL
082 04 - DEWEY DECIMAL CLASSIFICATION NUMBER
Classification number 380.3 SUS
090 00 - LOCALLY ASSIGNED LC-TYPE CALL NUMBER (OCLC); LOCAL CALL NUMBER (RLIN)
Classification number (OCLC) (R) ; Classification number, CALL (RLIN) (NR) 380.3
Local cutter number (OCLC) ; Book number/undivided call number, CALL (RLIN) SUS
100 1# - MAIN ENTRY--PERSONAL NAME
Personal name Susanto, Astrid S.
9 (RLIN) 4756
245 10 - TITLE STATEMENT
Title Komunikasi :
Remainder of title teori dan praktis /
Statement of responsibility, etc. Astrid S. Susanto ; ubahsuaian Wan Sakinah Wan Abrahim
260 ## - PUBLICATION, DISTRIBUTION, ETC.
Place of publication, distribution, etc. Kuala Lumpur :
Name of publisher, distributor, etc. Dewan Bahasa dan Pustaka,
Date of publication, distribution, etc. 1987
300 00 - PHYSICAL DESCRIPTION
Extent 2 jil. :
Other physical details il. ;
Dimensions 21cm
500 ## - GENERAL NOTE
General note Ubahsuaian dari: Komunikasi dalam teori dan praktek. Edisi kedua. Indonesia : Penerbit Binacipta, 1977
504 ## - BIBLIOGRAPHY, ETC. NOTE
Bibliography, etc. note Mengandungi bibliografi
650 #0 - SUBJECT ADDED ENTRY--TOPICAL TERM
Topical term or geographic name entry element Communication
9 (RLIN) 486
942 ## - ADDED ENTRY ELEMENTS (KOHA)
Source of classification or shelving scheme
Koha item type Book
Holdings
Withdrawn status Lost status Source of classification or shelving scheme Damaged status Not for loan Collection code Home library Current library Shelving location Date acquired Inventory number Total Checkouts Full call number Barcode Date last seen Price effective from Koha item type
          NON-FICTION AKMAL Melaka AKMAL Melaka PINJAMAN 15.05.2017 301418   380.3 SUS 201706417 15.05.2017 15.05.2017 Book
Pusat Sumber Maklumat Dato' Haji Sarmin Md Hussin, Akademi Kastam Diraja Malaysia, Melaka
Tel: 06-2331106 | Faks: 06-2313787